Wďačnosť Indiánova

Bibliographic Details
Corporate Author: Horňanský, Viktor (Budapešť, Maďarsko) (Printer)
Other Authors: Hornyánszky, Viktor, 1828-1882 (Printer)
Format: Book
Language:Slovak
PhysicalDescription:27, [1] strán 14 cm
Published: V Pešti Tiskem Victora Hornyánského 1873
Subjects:

MARC

LEADER 00000nam a2200000 a 4500
001 vtls011876214
003 SK-MaSNL
005 20260301184909.0
008 200612s1873 hu a f 000 0 slo
015 |a SNBHFA1873 
035 |a urn:nbn:sk:snk-am00deuf 
035 |a urn:nbn:sk:snk-am3hzty 
035 |a 0AB1FF2B-8D21-4D8E-B75D-BF9288583ED3 
040 |a SNKHF  |b slo  |c SNK  |e AACR2 
041 0 |a slo 
044 |a hu  |c HU 
072 7 |a 82  |x Literatúra. Literárny život  |2 konspekt 
080 |a 82  |2 2011 
130 0 |a Wďačnosť  |9 496449 
245 1 0 |a Wďačnosť Indiánova 
260 |a V Pešti  |b Tiskem Victora Hornyánského  |c 1873 
300 |a 27, [1] strán  |c 14 cm 
500 |a Ilustrovaný titulný list, ilustrácia v texte 
504 |a Obsahuje zoznam Nábožných spisov v československé řeči 
650 0 7 |a literatúra  |2 SNKPH  |9 1427 
650 0 7 |a poviedky  |2 SNKPH  |9 268203 
700 1 |a Hornyánszky, Viktor,  |d 1828-1882  |4 prt  |9 257056 
710 0 |a Horňanský, Viktor (Budapešť, Maďarsko)  |4 prt  |9 358742 
752 |a Maďarsko  |d Budapesť 
852 |a snk  |p SE 490/7 
958 |a ONDV 
999 |c 862014  |d 863944 
952 |a SNK  |b SNK  |y VYP  |7 0  |p 17A1347118  |o snkSE 490/7 D1  |i snkK 1407/81  |8 3  |0 0  |1 0  |4 0  |d 2019-09-09  |l 0  |r 2026-02-24 05:15:35  |w 2026-02-24 
952 |a SNK  |b SNK  |y PREZ  |7 0  |p 17A0731850  |o snkSE 490/7  |i snk2536/33  |0 0  |1 0  |4 0  |d 2019-07-11  |f 1  |l 0  |r 2026-02-24 05:15:35  |w 2026-02-24